Statistics for Country Chain Quiz

Click here to take the quiz!

General Stats

  • This quiz has been taken 1,634 times
  • The average score is 14 of 20

Answer Stats

HintAnswer% Correct
borders MonacoFRANCE
92%
Motto: "There is no god but God, Muhammad is the messenger of God"; invaded by the US after 9/11AFGHANISTAN
90%
Svalbard (Spitsbergen)NORWAY
87%
Operation Magic Carpet (Operation on Wings of Eagles), Bab-el-Mandeb straitYEMEN
84%
occupied by the Iraqi Army (1990-1991)KUWAIT
82%
landlocked; named after the 3rd longest river in AfricaNIGER
80%
borders the Bight of Benin, capital: LoméTOGO
79%
a traditional dagger "khanjar"; sultan Qaboos bin Said; Strait of HormuzOMAN
77%
the Omo remains - hominid bones from about 195 thousand years ago - were found hereETHIOPIA
76%
the largest population of brown bears in Europe outside of RussiaROMANIA
76%
an African island country in the Indian Ocean; anthem: Koste SeselwaSEYCHELLES
70%
The Emperor's New Clothes, The Snow Queen, The NightingaleDENMARK
68%
a South American country, part of the Anglophone CaribbeanGUYANA
64%
the Caucasus Mountains; the Karabakh horse; currency: the manatAZERBAIJAN
63%
Tā moko tattoos and meeting houses WharenuisNEW ZEALAND
61%
January 1, 1901; part of the G20AUSTRALIA
60%
no official language; the CharlestonUNITED STATES
57%
"Pleasant Island", inhabitants acclimatised the ibija fish (milkfish) to fresh water in Buada LagoonNAURU
54%
currently the only grand duchy in the worldLUXEMBOURG
53%
"Pincez Tous vos Koras, Frappez les Balafons"; used to host a famous rally (1979 - 2007)SENEGAL
45%

Score Distribution

Percentile by Number Answered

Percent of People with Each Score

Your Score History

You have not taken this quiz